000 00794nam a22002297a 4500
003 OSt
005 20220921173053.0
008 220921b |||||||| |||| 00| 0 eng d
040 _cBiblioteca Lado V
082 _a750
_bP438f
100 _aPerez, Eidania
_eArtista
245 _aFusión Plástica Eidania y Lourdes León/
260 _aLa Habana, Cuba
_bDice Ifá
_c2005
300 _a16p.
_c21x30cm
650 _2Tesauro de Arte & Arquitectura
_aPINTURA ACRILICA
650 _2Tesauro de Arte & Arquitectura
_aPINTURA SOBRE TELA
650 _2Tesauro de Arte & Arquitectura
_aCOLABORACION
650 _2Tesauro de Arte & Arquitectura
_aARTE
650 _2Tesauro de Arte & Arquitectura
_aCUBA
700 _aLeon, Lourdes
_eArtista
942 _2ddc
_c1
_h750
_iP438f
_n0
999 _c2087
_d2087